00884nam a2200253 a 450000100060000000300080000600500170001400800410003103500190007204000260009104100080011708200240012510000470014924500630019626000410025930000270030050000190032765000340034665000280038065100560040894200120046499900170047695201370049364042BD-RjUL20211209081250.0080217s1931 nyu 001 0 eng  a(BD-RjUL)64172 aDLCcFMdBD-RjULbeng aeng a940.3223bMOH 19311 aMowat, Robert Balmain,d1883-1941.919022302aA history of European diplomacy, 1914-1925 /cR. B. Mowat  aNew York :bE. Arnold & co. ,c1931. aviii, 343 p. ;c22 cm. aIncludes index 0aWorld War, 1914-1918.9175832 0aWorld politics.9172417 0aEuropexPolitics and governmenty1918-1945.9174122 2ddccBK c64042d64042 00102ddc40718NFICaRUCLbRUCLcReadingd1956-08-22eAsia foundationl0o940.3 MOH 1931r2017-02-08 00:00:00tC-1w2017-02-08yBK